000 00940nam a2200241Ii 4500
003 JO-AjNU
008 230605s9999||||xx |||||||||||||| ||und||
017 _a1981/3606
020 _a977-7349-39-4
040 _aJO-AjNU
_bara
_erda
_cJO-AjNU
041 _aara
050 1 4 _aHM66.I512 1981
100 3 _aتأليف انكلز، اليكس ؛ ترجمة وتقديم: محمد الجوهري، علياء شكري، السيد محمد الحسيني، محمد علي محمد,
_eauthor
_934833
245 0 0 _aمقدمة في علم الاجتماع
250 _aط5
264 3 1 _aالقاهرة: دار المعارف، 1981
300 _a278ص
_bيحتوي على ببلوغرافية من 271-278ص
336 _atext
_btxt
_2rdacontent
337 _aunmediated
_bn
_2rdamedia
338 _avolume
_bnc
_2rdacarrier
490 0 _aسلسلة علم الاجتماع المعاصر؛ 15
650 4 _aعلم الاجتماع
_934834
999 _aA14321
_c17889
_d17889